[Event "Just for fun"]
[Site "SchemingMind.com"]
[Date "2010.08.10"]
[Round "-"]
[White "nammy"]
[Black "APB"]
[Result "0-1"]
[WhiteCountry "ENG"]
[BlackCountry "ENG"]
[WhiteElo "837"]
[WhiteRD "55"]
[BlackElo "1612"]
[BlackRD "57"]
[GameID "257109"]

1. e4 c5 2. d3 Nc6 3. Nc3 g6 4. Be3 d6 5. Qd2 Bg7 6. O-O-O Nf6 7. f3 b6 8. b3 d5 9. d4 cxd4 10. Bxd4 h5
11. Nge2 Nxd4 12. Nxd4 Bh6 13. f4 Qc7 14. exd5 Bxf4 15. Ndb5 Qe5 16. Re1 Qg5 17. h4 Bxd2+ 18. Kd1 Qf4 19. Re2 Bxc3 20. Rg1 Be5
21. g3 Qf3 22. Kc1 Qxd5 23. Re1 Ba6 24. Nc7+ Bxc7 25. Bxa6 Qa5 26. Bb7 Rd8 27. Bg2 Qxa2 28. Bc6+ Kf8 29. Bb5 Qa1#
0-1

[Event "Just for fun"]
[Site "SchemingMind.com"]
[Date "2010.08.10"]
[Round "-"]
[White "APB"]
[Black "nammy"]
[Result "1-0"]
[WhiteCountry "ENG"]
[BlackCountry "ENG"]
[WhiteElo "1612"]
[WhiteRD "57"]
[BlackElo "837"]
[BlackRD "55"]
[GameID "257110"]

1. e4 e6 2. d4 g6 3. Nf3 c6 4. e5 d6 5. Bc4 Nd7 6. Ng5 Qe7 7. O-O dxe5 8. Nc3 Nb6 9. Be2 f6 10. Nf3 Nh6
11. dxe5 fxe5 12. Nxe5 Bg7 13. Nc4 Nd7 14. Nd6+ Kf8 15. Nce4 g5 16. Bxg5 Nf6 17. c3 Bd7 18. Nxb7 Rb8 19. Nec5 Nf5 20. Nxd7+ Ke8
21. Nxb8 Qxb7 22. Bf4 Qxb2 23. Nxc6 Qxc3 24. Qd8+ Kf7 25. Qc7+ Kg6 26. Ne7+ Kf7 27. Qxc3 Kxe7 28. Rab1 Nd5 29. Rb7+ Kf8 30. Qc8#
1-0

[Event "Just for fun"]
[Site "SchemingMind.com"]
[Date "2010.08.15"]
[Round "-"]
[White "keen"]
[Black "APB"]
[Result "1-0"]
[WhiteCountry "SCO"]
[BlackCountry "ENG"]
[WhiteElo "1667"]
[WhiteRD "57"]
[BlackElo "1595"]
[BlackRD "60"]
[GameID "257506"]

1. e4 c5 2. Nc3 Nc6 3. f4 g6 4. Nf3 Bg7 5. Bc4 e6 6. O-O Nge7 7. Qe1 O-O 8. d3 d5 9. Bb3 c4 10. dxc4 d4
11. Ne2 Na5 12. e5 Nxb3 13. axb3 d3 14. Ned4 dxc2 15. Nxc2 Qb6+ 16. Nfd4 Nc6 17. Be3 f6 18. Nxe6 Qxb3 19. Nxf8 Bxf8 20. Nd4 Nxd4
21. Bxd4 b6 22. exf6 Qxc4 23. Rd1 Bg4 24. Rd2 Rd8 25. Bc3 Rxd2 26. Qxd2 Be2 27. Re1 Qc5+ 28. Bd4
1-0

[Event "Just for fun"]
[Site "SchemingMind.com"]
[Date "2010.08.13"]
[Round "-"]
[White "keen"]
[Black "nammy"]
[Result "1-0"]
[WhiteCountry "SCO"]
[BlackCountry "ENG"]
[WhiteElo "1677"]
[WhiteRD "62"]
[BlackElo "837"]
[BlackRD "55"]
[GameID "257507"]

1. e4 e6 2. d4 c6 3. Nc3 Nf6 4. Nf3 Bd6 5. e5 Qe7 6. exd6 Qxd6 7. Bd3 b6 8. O-O a6 9. Bg5 Nh5 10. Ne4 Qd5
11. Be3 f6 12. Qe2 f5 13. Nc3 Qd6 14. Ne5 Rg8 15. Qxh5+ g6 16. Qxh7 c5 17. Qxg8+ Ke7 18. Bg5#
1-0

[Event "Just for fun"]
[Site "SchemingMind.com"]
[Date "2010.08.15"]
[Round "-"]
[White "APB"]
[Black "keen"]
[Result "1-0"]
[WhiteCountry "ENG"]
[BlackCountry "SCO"]
[WhiteElo "1595"]
[WhiteRD "60"]
[BlackElo "1667"]
[BlackRD "57"]
[GameID "257508"]

1. e4 e6 2. d4 d5 3. e5 c5 4. c3 Nc6 5. Nf3 Bd7 6. Be2 Qb6 7. O-O Nh6 8. Bxh6 gxh6 9. b3 cxd4 10. cxd4 Be7
11. Nc3 Bb4 12. Na4 Qa5 13. Qc1 Bf8 14. Nc5 Nxd4 15. Nxd4 Bxc5 16. Nc2 Qc7 17. Qf4 O-O-O 18. b4 Bxf2+ 19. Rxf2 Qxc2 20. Bh5 Qc3
21. Rc1
1-0

[Event "Just for fun"]
[Site "SchemingMind.com"]
[Date "2010.08.13"]
[Round "-"]
[White "nammy"]
[Black "keen"]
[Result "0-1"]
[WhiteCountry "ENG"]
[BlackCountry "SCO"]
[WhiteElo "837"]
[WhiteRD "55"]
[BlackElo "1677"]
[BlackRD "62"]
[GameID "257509"]

1. e4 c5 2. Nf3 g6 3. Nc3 Bg7 4. d4 cxd4 5. Ne2 Nc6 6. c3 dxc3 7. bxc3 Qa5 8. g3 e6 9. Bh3 Nf6 10. Bd2 Nxe4
11. Be3 Nxc3 12. Qc2 Nxe2+ 13. Kxe2 Qb5+ 14. Kd1 Bxa1 15. Qc1 Qd3+ 16. Ke1 Bc3+ 17. Nd2 Nb4 18. Bf4 Qf3 19. Rf1 Nd3#
0-1

[Event "Just for fun"]
[Site "SchemingMind.com"]
[Date "2010.08.19"]
[Round "-"]
[White "emvarela"]
[Black "keen"]
[Result "1/2-1/2"]
[WhiteCountry "ARG"]
[BlackCountry "SCO"]
[WhiteElo "1730"]
[WhiteRD "52"]
[BlackElo "1675"]
[BlackRD "60"]
[GameID "257571"]

1. e4 e6 2. d4 d5 3. Nc3 c5 4. exd5 exd5 5. Bb5+ Nc6 6. Qe2+ Be6 7. Bxc6+ bxc6 8. Nf3 Nf6 9. Bg5 Be7 10. dxc5 Bxc5
11. O-O O-O 12. Rfd1 Be7 13. Nd4 Bd7 14. Bxf6 Bxf6 15. Qd3 Qc7 16. Nce2 Rfe8 17. c3 Qe5 18. Re1 Qc7 19. Nf3 Bg4 20. Ng3 g6
21. Rxe8+ Rxe8 22. Re1 Rxe1+ 23. Nxe1 Qe7 24. Qe3 Qxe3 25. fxe3 Bg5 26. Kf2 Kg7 27. h3 Be6 28. Nf3 Be7 29. Nd4 Bd7 30. b4 c5
31. bxc5 Bxc5 32. Nge2=
1/2-1/2

[Event "Just for fun"]
[Site "SchemingMind.com"]
[Date "2010.08.18"]
[Round "-"]
[White "emvarela"]
[Black "APB"]
[Result "1-0"]
[WhiteCountry "ARG"]
[BlackCountry "ENG"]
[WhiteElo "1730"]
[WhiteRD "52"]
[BlackElo "1615"]
[BlackRD "65"]
[GameID "257572"]

1. e4 c5 2. Nf3 d6 3. d4 cxd4 4. Nxd4 Nf6 5. Nc3 a6 6. Be3 e6 7. Bd3 e5 8. Nb3 Be7 9. O-O Ng4 10. Qe2 Nc6
11. h3 Nxe3 12. fxe3 O-O 13. Nd5 Bg5 14. Nd2 Be6 15. Nf3 Bxd5 16. exd5 Nb4 17. Nxg5 Qxg5 18. c4 Nxd3 19. Qxd3 e4 20. Qd4 f5
21. Rf4 Rf6 22. Raf1 Rg6 23. R1f2 Rf8 24. g4 Qh4 25. Qxe4 Qg3+ 26. Kf1 Qxh3+ 27. Ke2 h6 28. Rxf5 Rgf6 29. Rxf6 gxf6 30. Qg6+ Kh8
31. Rxf6 Rxf6 32. Qxf6+ Kg8 33. Qe6+ Kg7 34. Qe7+ Kg6 35. Qxd6+
1-0

[Event "Just for fun"]
[Site "SchemingMind.com"]
[Date "2010.08.19"]
[Round "-"]
[White "emvarela"]
[Black "nammy"]
[Result "1-0"]
[WhiteCountry "ARG"]
[BlackCountry "ENG"]
[WhiteElo "1735"]
[WhiteRD "53"]
[BlackElo "952"]
[BlackRD "54"]
[GameID "257573"]

1. e4 e6 2. d4 Nc6 3. c4 Be7 4. Nf3 d6 5. Nc3 b6 6. Be3 Nf6 7. Bd3 Bd7 8. O-O O-O 9. a3 h6 10. b4 a5
11. b5 Ng4 12. bxc6 Bxc6 13. d5 Bb7 14. h3 Nf6 15. dxe6 fxe6 16. Qb3 Nh5 17. g4 Nf6 18. Nh2 g6 19. Bxh6 Re8 20. c5 Qd7
21. cxb6 c6 22. e5 dxe5 23. Bxg6 Qd3 24. Qxe6+ Kh8 25. Bxd3 a4 26. Qf7 Red8 27. Qg7#
1-0

[Event "Just for fun"]
[Site "SchemingMind.com"]
[Date "2010.08.19"]
[Round "-"]
[White "keen"]
[Black "emvarela"]
[Result "0-1"]
[WhiteCountry "SCO"]
[BlackCountry "ARG"]
[WhiteElo "1675"]
[WhiteRD "60"]
[BlackElo "1730"]
[BlackRD "52"]
[GameID "257574"]

1. e4 e5 2. Nf3 Nc6 3. d4 exd4 4. Bc4 Bb4+ 5. c3 dxc3 6. O-O cxb2 7. Bxb2 f6 8. e5 fxe5 9. Qb3 Qe7 10. a3 Bc5
11. Bxg8 d6 12. Bd5 Bb6 13. Nbd2 Bd7 14. Ne4 O-O-O 15. a4 Na5 16. Qc2 Bc6 17. Rfd1 Bxd5 18. Rxd5 a6 19. Rc1 Nc6 20. Ba3 Rhf8
21. Ng3 g5 22. Qc3 g4 23. a5 Bxf2+ 24. Kxf2 gxf3 25. gxf3 Nd4 26. Qb4 Rxf3+ 27. Kg2 Qf6 28. Rxc7+ Kxc7 29. Qb6+ Kb8 30. Bc5 Rf2+
31. Kg1 Ne2+
0-1

[Event "Just for fun"]
[Site "SchemingMind.com"]
[Date "2010.08.18"]
[Round "-"]
[White "APB"]
[Black "emvarela"]
[Result "1-0"]
[WhiteCountry "ENG"]
[BlackCountry "ARG"]
[WhiteElo "1615"]
[WhiteRD "65"]
[BlackElo "1730"]
[BlackRD "52"]
[GameID "257575"]

1. e4 e5 2. Nf3 Nc6 3. Bc4 Bc5 4. c3 d6 5. d4 exd4 6. cxd4 Bb4+ 7. Nc3 Bg4 8. a3 Bxc3+ 9. bxc3 Bxf3 10. Qxf3 Qf6
11. Qe3 Nge7 12. Rb1 O-O-O 13. d5 Kd7 14. Rxb7 Rb8 15. dxc6+ Nxc6 16. Qh3+ Kd8 17. Rxb8+ Nxb8 18. Qg3 h6 19. O-O Re8 20. Re1 Nd7
21. Bb5 Re5 22. c4 Qe6 23. f3 f5 24. Bf4 Rxb5 25. cxb5 g5 26. Bd2 f4 27. Qf2 Nc5 28. Qe2 Nb3 29. Bc3 Nc5 30. Bd4
1-0

[Event "Just for fun"]
[Site "SchemingMind.com"]
[Date "2010.08.19"]
[Round "-"]
[White "nammy"]
[Black "emvarela"]
[Result "0-1"]
[WhiteCountry "ENG"]
[BlackCountry "ARG"]
[WhiteElo "943"]
[WhiteRD "52"]
[BlackElo "1730"]
[BlackRD "52"]
[GameID "257576"]

1. e4 e5 2. d3 Nc6 3. Nf3 Nf6 4. c3 d6 5. d4 exd4 6. cxd4 Bg4 7. h3 Bxf3 8. gxf3 Qe7 9. Be3 O-O-O 10. Qd2 Nd7
11. Nc3 f6 12. O-O-O g5 13. h4 gxh4 14. Rxh4 Qf7 15. d5 Nce5 16. Rh3 f5 17. f4 Ng4 18. f3 Nxe3 19. Qxe3 Nb6 20. a4 Kb8
21. a5 Nd7 22. Rh5 Qxh5 23. Nb5 fxe4 24. Qxe4 Bg7 25. f5 Rhe8 26. Qd3 Bh6+ 27. Kb1 Nc5 28. Bg2 Nxd3 29. Rxd3 Qxf5 30. Kc2 Re2+
31. Kc3 Bg7+ 32. Kb3 Qxd3+ 33. Kb4 Rxb2+ 34. Ka4 Qb3#
0-1

[Event "Just for fun"]
[Site "SchemingMind.com"]
[Date "2010.08.14"]
[Round "-"]
[White "calidore"]
[Black "keen"]
[Result "1-0"]
[WhiteCountry "ISR"]
[BlackCountry "SCO"]
[WhiteElo "1598"]
[WhiteRD "73"]
[BlackElo "1667"]
[BlackRD "57"]
[GameID "257588"]

1. e4 e6 2. d4 d5 3. e5 c5 4. c3 Nc6 5. Nf3 Qb6 6. Bd3 c4 7. Bc2 Bd7 8. O-O Be7 9. b3 cxb3 10. axb3 f6
11. Bf4 g5 12. exf6 gxf4 13. fxe7 Ngxe7 14. Ne5 Nxe5 15. dxe5 O-O-O 16. c4 Bc6 17. Qg4 Nf5 18. Bxf5 exf5 19. Qxf5+ Bd7 20. Qxf4 Rhf8
21. Qc1 a6 22. cxd5+ Kb8 23. Na3 Qxb3 24. e6 Rc8 25. Qh6 Qb2 26. exd7 Rcd8 27. Nc4 Qd4 28. Qd6+ Ka7 29. Rxa6+ bxa6 30. Qc7+
1-0

[Event "Just for fun"]
[Site "SchemingMind.com"]
[Date "2010.08.15"]
[Round "-"]
[White "calidore"]
[Black "APB"]
[Result "1-0"]
[WhiteCountry "ISR"]
[BlackCountry "ENG"]
[WhiteElo "1554"]
[WhiteRD "80"]
[BlackElo "1612"]
[BlackRD "57"]
[GameID "257589"]

1. e4 c5 2. c3 d5 3. exd5 Qxd5 4. d4 g6 5. dxc5 Qxd1+ 6. Kxd1 Nc6 7. Be3 Bf5 8. Bb5 O-O-O+ 9. Ke2 Ne5 10. Nf3 Bd3+
11. Bxd3 Nxd3 12. b4 Nb2 13. Nbd2 Bg7 14. Bd4 Bxd4 15. cxd4 f6 16. a4 Nh6 17. Rhb1 Nxa4 18. Rxa4 a6 19. b5
1-0

[Event "Just for fun"]
[Site "SchemingMind.com"]
[Date "2010.08.14"]
[Round "-"]
[White "calidore"]
[Black "nammy"]
[Result "1-0"]
[WhiteCountry "ISR"]
[BlackCountry "ENG"]
[WhiteElo "1554"]
[WhiteRD "80"]
[BlackElo "837"]
[BlackRD "55"]
[GameID "257590"]

1. e4 e6 2. d4 d6 3. Nf3 Nf6 4. Nc3 Nc6 5. Bd3 e5 6. dxe5 Nd7 7. exd6 cxd6 8. O-O g6 9. Bg5 f6 10. Bf4 g5
11. Nxg5 Be7 12. Qh5+ Kf8 13. Qf7#
1-0

[Event "Just for fun"]
[Site "SchemingMind.com"]
[Date "2010.08.14"]
[Round "-"]
[White "keen"]
[Black "calidore"]
[Result "0-1"]
[WhiteCountry "SCO"]
[BlackCountry "ISR"]
[WhiteElo "1667"]
[WhiteRD "57"]
[BlackElo "1598"]
[BlackRD "73"]
[GameID "257592"]

1. e4 Nf6 2. e5 Nd5 3. d4 d6 4. c4 Nb6 5. Nf3 Bg4 6. exd6 exd6 7. Nc3 Nc6 8. Be3 Be7 9. Bd3 O-O 10. O-O Bf6
11. h3 Bh5 12. g4 Bg6 13. a3 h6 14. Qd2 Bxd3 15. Qxd3 d5 16. cxd5 Nxd5 17. Ne4 Re8 18. Nxf6+ Qxf6 19. Bd2 Rad8 20. Rfe1 Nf4
21. Bxf4 Qxf4 22. d5 Ne7 23. Qb3 Ng6 24. Rad1 Qf6 25. Qc3 Qxc3 26. Rxe8+ Rxe8 27. bxc3 Nf4 28. Kh2 Re2 29. Kg3 g5 30. Re1 Rxe1
31. Nxe1 Ne2+ 32. Kf3 Nxc3
0-1

[Event "Just for fun"]
[Site "SchemingMind.com"]
[Date "2010.08.15"]
[Round "-"]
[White "APB"]
[Black "calidore"]
[Result "1-0"]
[WhiteCountry "ENG"]
[BlackCountry "ISR"]
[WhiteElo "1594"]
[WhiteRD "64"]
[BlackElo "1423"]
[BlackRD "66"]
[GameID "257593"]

1. e4 Nf6 2. e5 Nd5 3. d4 d6 4. Nf3 Bg4 5. Be2 c6 6. O-O e6 7. c4 Nc7 8. Nbd2 Nd7 9. Ne4 Bxf3 10. Bxf3 dxe5
11. Bh5 Nf6 12. Nxf6+ Qxf6 13. dxe5 Qxe5 14. Bf3 Bd6 15. g3 O-O-O 16. Qa4 Qf6 17. Bg2 Bc5 18. Qc2 h5 19. h4 Qe5 20. Bf4 Qf5
21. Be4 Qg4 22. Kg2 f5 23. Bf3 Qg6 24. Qc3 Bd6 25. Bxd6 Rxd6 26. c5 Rd7 27. Qc4
1-0

[Event "Just for fun"]
[Site "SchemingMind.com"]
[Date "2010.08.14"]
[Round "-"]
[White "nammy"]
[Black "calidore"]
[Result "0-1"]
[WhiteCountry "ENG"]
[BlackCountry "ISR"]
[WhiteElo "837"]
[WhiteRD "55"]
[BlackElo "1554"]
[BlackRD "80"]
[GameID "257594"]

1. e4 Nf6 2. d3 e5 3. Nf3 Nc6 4. c3 d5 5. Nbd2 dxe4 6. Qe2 exf3 7. gxf3 Bc5 8. Rg1 Bf5 9. a3 Qd7 10. Nc4 O-O-O
11. Rb1 Bg6 12. f4 exf4 13. h3 Rhe8 14. Kd1 Rxe2 15. Bxe2 Bxf2 16. Rf1 Be3 17. Nxe3 fxe3 18. Bxe3 Bxd3 19. Re1 Bxb1+ 20. Kc1 Bd3
21. Bf3 Qxh3 22. Bf4 Qxf3 23. b3 Qxf4+ 24. Kb2 Qd2+ 25. Ka1 Qxe1+ 26. Kb2 Bc2 27. Kxc2 Rd2#
0-1

[Event "Just for fun"]
[Site "SchemingMind.com"]
[Date "2010.08.14"]
[Round "-"]
[White "zogger"]
[Black "keen"]
[Result "1-0"]
[WhiteCountry "GER"]
[BlackCountry "SCO"]
[WhiteElo "2098"]
[WhiteRD "66"]
[BlackElo "1677"]
[BlackRD "62"]
[GameID "257604"]

1. f4 d5 2. Nf3 Nf6 3. e3 b6 4. Be2 Bb7 5. O-O Nbd7 6. d3 e6 7. Qe1 Be7 8. Nc3 O-O 9. h3 c5 10. g4 h6
11. Qg3 Nh7 12. h4 d4 13. Nb5 a6 14. Na3 Bxf3 15. Bxf3 Bxh4 16. Qh3 Ra7 17. Kg2 e5 18. Rh1 Be7 19. g5 Bxg5 20. fxg5 Qxg5+
21. Qg3 Qxg3+ 22. Kxg3 Ng5 23. Bd5 Nf6 24. Bg2 e4 25. exd4 cxd4 26. Bxg5 hxg5 27. dxe4
1-0

[Event "Just for fun"]
[Site "SchemingMind.com"]
[Date "2010.08.15"]
[Round "-"]
[White "zogger"]
[Black "APB"]
[Result "1-0"]
[WhiteCountry "GER"]
[BlackCountry "ENG"]
[WhiteElo "2087"]
[WhiteRD "66"]
[BlackElo "1595"]
[BlackRD "60"]
[GameID "257605"]

1. f4 e5 2. fxe5 d6 3. exd6 Bxd6 4. Nf3 Nf6 5. d4 Nc6 6. Bg5 O-O 7. e4 h6 8. Bxf6 Qxf6 9. Be2 Qf4 10. e5 Nxe5
11. dxe5 Bxe5 12. Nxe5 Qxe5 13. Nc3 Bg4 14. O-O Qc5+ 15. Rf2 Rad8 16. Qf1 Bxe2 17. Qxe2 Rfe8 18. Qb5 Qe3 19. Qxb7 Rd2 20. Qf3 Qxf2+
21. Qxf2 Rxf2 22. Kxf2 Rd8 23. Ke2 c6 24. Rf1 Re8+ 25. Kd2 g5 26. Rf6
1-0

[Event "Just for fun"]
[Site "SchemingMind.com"]
[Date "2010.08.15"]
[Round "-"]
[White "zogger"]
[Black "calidore"]
[Result "1-0"]
[WhiteCountry "GER"]
[BlackCountry "ISR"]
[WhiteElo "2098"]
[WhiteRD "66"]
[BlackElo "1554"]
[BlackRD "80"]
[GameID "257606"]

1. f4 e5 2. fxe5 d6 3. exd6 Bxd6 4. Nf3 Nf6 5. d4 Nc6 6. e4 Nxe4 7. Bd3 Nf6 8. O-O O-O 9. c3 Bg4 10. Qb3 Be6
11. Qxb7 Bd5 12. Qa6 Ne4 13. Nbd2 Re8 14. Bxe4 Bxe4 15. Nxe4
1-0

[Event "Just for fun"]
[Site "SchemingMind.com"]
[Date "2010.08.14"]
[Round "-"]
[White "zogger"]
[Black "nammy"]
[Result "1-0"]
[WhiteCountry "GER"]
[BlackCountry "ENG"]
[WhiteElo "2098"]
[WhiteRD "66"]
[BlackElo "837"]
[BlackRD "55"]
[GameID "257607"]

1. f4 d6 2. Nf3 Nc6 3. e3 Nf6 4. Be2 e6 5. O-O e5 6. d3 h6 7. Nc3 Be6 8. Qe1 a6 9. e4 Rg8 10. f5 Bd7
11. Be3 g6 12. fxg6 fxg6 13. h3 g5 14. g4 Nb4 15. Qd2 c6 16. a3 a5 17. axb4 Be6 18. Rxa5 Rc8 19. Rfa1 b6 20. Ra6 c5
21. bxc5 bxc5 22. Nxe5 dxe5 23. Rxe6+ Kd7 24. Rxe5 h5 25. Nd5 Ne8 26. Ra7+ Rc7 27. Nxc7 Nxc7 28. Rd5+ Bd6 29. Bxc5 Rg6 30. e5 Rh6
31. exd6 Ke6 32. dxc7 Qxd5 33. c8=Q+ Ke5 34. Qxg5#
1-0

[Event "Just for fun"]
[Site "SchemingMind.com"]
[Date "2010.08.19"]
[Round "-"]
[White "zogger"]
[Black "emvarela"]
[Result "1/2-1/2"]
[WhiteCountry "GER"]
[BlackCountry "ARG"]
[WhiteElo "2075"]
[WhiteRD "65"]
[BlackElo "1735"]
[BlackRD "53"]
[GameID "257608"]

1. f4 d5 2. Nf3 c5 3. g3 Nc6 4. Bg2 e6 5. d3 Nf6 6. O-O Bd6 7. Nc3 d4 8. Nb5 a6 9. Nxd6+ Qxd6 10. e4 e5
11. fxe5 Nxe5 12. Bf4 Nxf3+ 13. Qxf3 Qc6 14. Be5 O-O 15. Bxf6 Qxf6 16. Qxf6 gxf6 17. Rxf6 Be6 18. Raf1=
1/2-1/2

[Event "Just for fun"]
[Site "SchemingMind.com"]
[Date "2010.08.14"]
[Round "-"]
[White "keen"]
[Black "zogger"]
[Result "0-1"]
[WhiteCountry "SCO"]
[BlackCountry "GER"]
[WhiteElo "1667"]
[WhiteRD "57"]
[BlackElo "2087"]
[BlackRD "66"]
[GameID "257609"]

1. Nf3 f5 2. g3 Nf6 3. Bg2 e6 4. O-O Be7 5. c4 O-O 6. Nc3 d6 7. b3 Nc6 8. Bb2 e5 9. d3 Be6 10. Qc2 a5
11. a3 f4 12. Rad1 fxg3 13. fxg3 Qd7 14. Ng5 Nd4 15. Qb1 Bg4 16. Rf2 h6 17. Nge4 Nxe4 18. Nxe4 Bxe2 19. Re1 Nf3+ 20. Bxf3 Bxf3
21. Ref1 Bh5 22. Qc2 Rxf2 23. Rxf2 Rf8 24. Rxf8+ Bxf8 25. Qf2 d5 26. Nc3 dxc4 27. dxc4 b6 28. Nd5 Bc5 29. Ne3 Qd3 30. b4 Bxe3
0-1

[Event "Just for fun"]
[Site "SchemingMind.com"]
[Date "2010.08.15"]
[Round "-"]
[White "APB"]
[Black "zogger"]
[Result "0-1"]
[WhiteCountry "ENG"]
[BlackCountry "GER"]
[WhiteElo "1612"]
[WhiteRD "57"]
[BlackElo "2098"]
[BlackRD "66"]
[GameID "257610"]

1. e4 e6 2. d4 d5 3. e5 c5 4. Nf3 Nc6 5. c3 Bd7 6. Be2 Nge7 7. c4 cxd4 8. Nxd4 Nxe5 9. Bf4 Nxc4 10. Bxc4 dxc4
11. Qe2 Nd5 12. Bg3 Bb4+ 13. Nd2 c3 14. N4b3 cxd2+ 15. Nxd2 Qa5 16. O-O Bxd2
0-1

[Event "Just for fun"]
[Site "SchemingMind.com"]
[Date "2010.08.14"]
[Round "-"]
[White "calidore"]
[Black "zogger"]
[Result "0-1"]
[WhiteCountry "ISR"]
[BlackCountry "GER"]
[WhiteElo "1554"]
[WhiteRD "80"]
[BlackElo "2098"]
[BlackRD "66"]
[GameID "257611"]

1. e4 e6 2. d4 d5 3. e5 c5 4. c3 Nc6 5. Nf3 Bd7 6. Bd3 cxd4 7. cxd4 Qb6 8. O-O Nxd4 9. Nxd4 Qxd4 10. Nc3 Bb4
11. Nb5 Qxe5 12. Qg4 Ba5 13. Bf4 h5 14. Qf3 Qf6 15. Nd6+ Kf8 16. Nxb7 Bb6 17. Rfe1 Ne7 18. Rac1 g5 19. Be5 Qxf3 20. gxf3 Rh6
21. b3 Nc6 22. Bb2 Rb8 23. Nc5 Be8 24. Ba3 Kg8 25. Na6 Rd8 26. Nc5 Nd4 27. Kg2 Rf6 28. Bb2 Rf4 29. Re5 Nxf3 30. Re3 Nh4+
31. Kf1 Rc8 32. b4 Rxb4 33. Ba3 Rxc5 34. Rxc5 Bxc5 35. Bxb4 Bxe3 36. fxe3 f5 37. Be7 Nf3 38. h3 g4 39. hxg4 fxg4 40. Bh4 Nxh4
0-1

[Event "Just for fun"]
[Site "SchemingMind.com"]
[Date "2010.08.14"]
[Round "-"]
[White "nammy"]
[Black "zogger"]
[Result "0-1"]
[WhiteCountry "ENG"]
[BlackCountry "GER"]
[WhiteElo "837"]
[WhiteRD "55"]
[BlackElo "2098"]
[BlackRD "66"]
[GameID "257612"]

1. e4 e6 2. d4 d5 3. Nf3 c5 4. Nc3 Nf6 5. b3 dxe4 6. Nxe4 Nxe4 7. Qe2 Qa5+ 8. Bd2 Nxd2 9. Nxd2 cxd4 10. Kd1 Nc6
11. a3 Be7 12. Rb1 Qxa3 13. g3 Bd7 14. Nf3 Qa2 15. Rc1 Ba3 16. Qd2 O-O 17. Rg1 Bxc1 18. Qxc1 e5 19. Bd3 Bg4 20. Ke2 e4
21. Bxe4 Rfe8 22. Kd3 Qa6+ 23. c4 Nb4+ 24. Kxd4 Qf6+ 25. Kc5 Qb6#
0-1

[Event "Just for fun"]
[Site "SchemingMind.com"]
[Date "2010.08.19"]
[Round "-"]
[White "emvarela"]
[Black "zogger"]
[Result "1/2-1/2"]
[WhiteCountry "ARG"]
[BlackCountry "GER"]
[WhiteElo "1735"]
[WhiteRD "53"]
[BlackElo "2075"]
[BlackRD "65"]
[GameID "257613"]

1. e4 d6 2. d4 Nf6 3. Nc3 g6 4. f4 Bg7 5. Nf3 c5 6. dxc5 Qa5 7. Bd2 Qxc5 8. Bb5+ Bd7 9. Bxd7+ Nbxd7 10. Qe2 Rc8
11. Qe3 Qxe3+ 12. Bxe3 Nh5 13. Kd2 Bxc3+ 14. bxc3 Ndf6 15. g3 Nxe4+ 16. Kd3 f5 17. Bd4 O-O=
1/2-1/2

[Event "Just for fun"]
[Site "SchemingMind.com"]
[Date "2010.08.14"]
[Round "-"]
[White "jankep"]
[Black "keen"]
[Result "0-1"]
[WhiteCountry "POL"]
[BlackCountry "SCO"]
[WhiteElo "1959"]
[WhiteRD "75"]
[BlackElo "1675"]
[BlackRD "60"]
[GameID "257616"]

1. d4 Nf6 2. c4 g6 3. Nf3 Bg7 4. e3 d6 5. Be2 O-O 6. O-O c5 7. Nc3 cxd4 8. exd4 Nc6 9. a4 Nb4 10. Bd2 Qb6
11. Be3 Qa5 12. b3 Bf5 13. Re1 Nc2 14. Rc1 Qxc3 15. Bg5 Qxb3 16. Nh4 Qb4 17. Nxf5 Nxe1 18. Qxe1 Qxe1+ 19. Rxe1 gxf5 20. Bf3 Rac8
21. Bxb7 Rxc4 22. f3 e6 23. a5 Rxd4 24. a6 Nd7 25. Be3 Rb4 26. Bxa7 Nc5 27. Bxc5 dxc5 28. Rc1 Bd4+ 29. Kh1 Ra4 30. h3 Rd8
31. Rc2 Ra1+ 32. Kh2 Be5+ 33. g3 Rdd1 34. f4 Bd4 35. g4 fxg4 36. hxg4 f6 37. Kg3 Kg7 38. Kh2 Rd3 39. Bc8 Rf3 40. Bxe6 Rxa6
41. Bd5 Rxf4
0-1

[Event "Just for fun"]
[Site "SchemingMind.com"]
[Date "2010.08.15"]
[Round "-"]
[White "jankep"]
[Black "APB"]
[Result "1-0"]
[WhiteCountry "POL"]
[BlackCountry "ENG"]
[WhiteElo "2002"]
[WhiteRD "88"]
[BlackElo "1595"]
[BlackRD "60"]
[GameID "257617"]

1. d4 Nf6 2. c4 e6 3. Nf3 Bb4+ 4. Bd2 Bxd2+ 5. Nbxd2 O-O 6. e3 b6 7. Be2 Bb7 8. O-O d6 9. a4 h6 10. Re1 c5
11. Nb1 d5 12. cxd5 Nxd5 13. dxc5 bxc5 14. Na3 Nc6 15. Rc1 Qe7 16. Qc2 Qf6 17. Qxc5 Qxb2 18. Rb1 Qf6 19. Rxb7
1-0

[Event "Just for fun"]
[Site "SchemingMind.com"]
[Date "2010.08.15"]
[Round "-"]
[White "jankep"]
[Black "calidore"]
[Result "1-0"]
[WhiteCountry "POL"]
[BlackCountry "ISR"]
[WhiteElo "1959"]
[WhiteRD "75"]
[BlackElo "1406"]
[BlackRD "72"]
[GameID "257618"]

1. d4 Nf6 2. c4 e6 3. Nf3 b6 4. e3 Bb7 5. Be2 Be7 6. O-O O-O 7. a4 a5 8. Re1 d5 9. cxd5 exd5 10. b3 Nc6
11. Bd2 Ne4 12. Bb5 Nxd2 13. Nbxd2 Bf6 14. Rc1 Nb4 15. h3 Ba6 16. Bxa6 Rxa6 17. Qe2 Ra8 18. Nb1 Re8 19. Nc3 c6 20. Na2 Nxa2
21. Qxa2 Rc8 22. Rc2 Qd6 23. Rec1 c5 24. Rc3 Qe6 25. R3c2 cxd4 26. Nxd4
1-0

[Event "Just for fun"]
[Site "SchemingMind.com"]
[Date "2010.08.14"]
[Round "-"]
[White "jankep"]
[Black "nammy"]
[Result "1-0"]
[WhiteCountry "POL"]
[BlackCountry "ENG"]
[WhiteElo "1982"]
[WhiteRD "69"]
[BlackElo "952"]
[BlackRD "54"]
[GameID "257619"]

1. d4 d6 2. c4 Nf6 3. Nf3 e6 4. e3 Nc6 5. Be2 Na5 6. O-O Be7 7. b4 Nc6 8. d5 exd5 9. a3 O-O 10. cxd5 Nb8
11. Qc2 Bd7 12. Bb2 Nxd5 13. Bd3 g6 14. Be4 c6 15. Bxd5 cxd5 16. Qc3 f6 17. Nbd2 Nc6 18. Qb3 Be6 19. Rac1 g5 20. h3 Rf7
21. b5 Nb8 22. Nd4 Bc8 23. Qxd5 Qf8 24. Ne6 Qe8 25. Nc7 Qd8 26. Nxa8 Qf8 27. Nc7 Bd8 28. Ne6 Qe8 29. Rxc8 Nd7 30. Rxd8 Qf8
31. Rxf8+ Nxf8 32. Rc1 Ng6 33. Bxf6 Rxf6 34. Nxg5+ Kf8 35. Nxh7+ Ke7 36. Nxf6 Kxf6 37. Ne4+ Ke7 38. Rc7+ Kd8 39. Qxd6+ Ke8 40. Qd7+ Kf8
41. Qf7#
1-0

[Event "Just for fun"]
[Site "SchemingMind.com"]
[Date "2010.08.19"]
[Round "-"]
[White "jankep"]
[Black "emvarela"]
[Result "1-0"]
[WhiteCountry "POL"]
[BlackCountry "ARG"]
[WhiteElo "1957"]
[WhiteRD "79"]
[BlackElo "1774"]
[BlackRD "54"]
[GameID "257620"]

1. d4 Nf6 2. c4 g6 3. Nf3 d6 4. e3 Bg7 5. Bd3 O-O 6. O-O Bg4 7. Nbd2 Nbd7 8. e4 Bxf3 9. Nxf3 c5 10. Bc2 cxd4
11. Nxd4 Nc5 12. Re1 Qb6 13. Rb1 Rac8 14. b3 e6 15. Bb2 Rfe8 16. Qf3 e5 17. Nb5 a6 18. Nc3 Qc6 19. b4 Ncd7 20. Bb3 b5
21. cxb5 axb5 22. Rbc1 Qb6 23. Qd3 Rc7 24. Nxb5 Rxc1 25. Bxc1 Ng4 26. Rf1 Rc8 27. Bxf7+ Kxf7 28. Nxd6+
1-0